| 000 | 02347nam a2200409 c 4500 | ||
|---|---|---|---|
| 003 | BLK | ||
| 005 | 20240606141833.0 | ||
| 008 | 180408b bul|||||r ||||||| ||bul|| | ||
| 010 | _aKNG00087541000 | ||
| 020 |
_a978-954-01-2102-4 _bиздат.: Просвета - на том(тетр.) |
||
| 040 | _aBLK | ||
| 041 |
_aRUS _cRUS |
||
| 080 |
_aРуски език - учебни предмети _b373.3.016:811.161.1 _x(076) _z373.3.016:811.161.1(076) |
||
| 100 | 1 |
_aТодорова, Нина Василиевна _eпърви автор _9368800 |
|
| 700 |
_aГрозданова, Христина Ангелова _d1955 - _gФилолог, руска филология. _9284619 |
||
| 700 |
_aГрозданова, Христина Ангелова _d1955 - _gФилолог, руска филология. _9284619 |
||
| 700 | 1 |
_aКанчева-Хинова, Наталия Симеонова _9371908 |
|
| 139 |
_aТодорова, Нина Василиевна и др. _bТ 64 |
||
| 245 | 1 | 0 |
_aСолнышко _bРусский язык для ІІІ кл. : Учебник _cНина Василиевна Тодорова; съавт. Христина Ангелова Грозданова; авт. на том Христина Ангелова Грозданова; съавт. на том Наталия Симеонова Канчева-Хинова. _nТетрадь |
| 250 | _a2. прераб. изд. | ||
| 257 | _aBGR | ||
| 260 |
_аСофия _c2008 _fЗа том: София : Родина |
||
| 300 | _c29 см | ||
| 380 | _a3 | ||
| 500 | _aАвт. не са отбелязани на кор. - 1. изд. 2004 | ||
| 650 | 4 |
_aРуски език - учебници за основни училища _9244630 |
|
| 653 | _aруски език | ||
| 653 | _aучебници за основни училища | ||
| 653 | _aІІІ кл. | ||
| 760 | 1 |
_3- на том(тетр.) _aТодорова, Нина Василиевна _b2. прераб. изд. _dПросвета, 2008 _h46 с. : с ил. _nВтората авт. е известна като Наталия Симеонова Канчева _tТетрадь |
|
| 852 | _aЦб ІІ 15504 | ||
| 856 | 4 |
_qpdf _u |
|
| 856 | 4 |
_qpdf _u |
|
| 942 |
_cKNG _n0 |
||
| 944 |
_aCR _c28.01.2009 _k30560 _lГеновева Генчева |
||
| 944 |
_aED _c10.03.2009 _k |
||
| 999 |
_c83004 _d83004 |
||